LEADER 01181nas 2200433-a 450 001 996231349303316 005 20230222213018.0 035 $a(OCoLC)60638312 035 $a(CKB)110978966549208 035 $a(CONSER)--2013247539 035 $a(EXLCZ)99110978966549208 100 $a20050615a19689999 s-- - 101 0 $aeng 135 $aurun||||||||| 181 $ctxt$2rdacontent 182 $cc$2rdamedia 183 $acr$2rdacarrier 200 14$aThe Opera journal 210 $aUniversity, Miss. $cNational Opera Association 215 $a1 online resource 300 $aRefereed/Peer-reviewed 300 $aPlace of publication varies. 311 $a0030-3585 531 $aOPERA JOURNAL 606 $aOpera$zUnited States$vPeriodicals 606 $aOpera$2fast$3(OCoLC)fst01046145 606 $aOper$2swd 606 $aZeitschrift$2swd 607 $aUnited States$2fast 608 $aPeriodicals.$2fast 615 0$aOpera 615 7$aOpera. 615 07$aOper. 615 07$aZeitschrift. 712 02$aNational Opera Association. 906 $aJOURNAL 912 $a996231349303316 996 $aThe Opera journal$92089083 997 $aUNISA LEADER 04956nam 22004815 450 001 9911002554603321 005 20251214173810.0 010 $a9798868813184 024 7 $a10.1007/979-8-8688-1318-4 035 $a(CKB)38168560400041 035 $a(CaSebORM)9798868813184 035 $a(OCoLC)1513382363 035 $a(OCoLC-P)1513382363 035 $a(DE-He213)979-8-8688-1318-4 035 $a(MiAaPQ)EBC31979854 035 $a(Au-PeEL)EBL31979854 035 $a(EXLCZ)9938168560400041 100 $a20250509d2025 u| 0 101 0 $aeng 135 $aur||||||||||| 181 $ctxt$2rdacontent 182 $cc$2rdamedia 183 $acr$2rdacarrier 200 10$aAdvanced Front-End Development $eBuilding Scalable and High-Performance Web Applications with React /$fby Nitesh Upadhyaya 205 $a1st ed. 2025. 210 1$aBerkeley, CA :$cApress :$cImprint: Apress,$d2025. 215 $a1 online resource 225 0 $aProfessional and Applied Computing Series 311 08$a9798868813177 327 $aChapter 1 - Introduction to React -- Chapter 2 - Setting Up Your Development Environment -- Chapter 3 - Components, Props and State -- Chapter 4 - JSX and Element Rendering -- Chapter 5 - Handling Events and Conditional Rendering -- Chapter 6 - List and Keys -- Chapter 7 - Thinking in Components -- Chapter 8 - Styling your Application -- Chapter 9 - Lifecycle Methods and Hooks -- Chapter 10 - Managing State with Context and Redux -- Chapter 11 - Form Handling and Validation -- Chapter 12 - Routing and Navigation -- Chapter 13 - Optimizing Performance -- Chapter 14 - Testing your Application -- Chapter 15 - Security Best Practices -- Chapter 16 - Accessibility and Internationalization -- Chapter 17 - Deployment and Continuous Integration -- Chapter 18 - Integrating Third-Party Services and APIs -- Chapter 19 - Advanced Component Patterns -- Chapter 20 - Building A Real-World Retail Store App. 330 $aThis book is your comprehensive guide to mastering React, the most popular library for building modern web applications. Designed for developers at all levels, it offers a structured approach to understanding and applying React?s core and advanced concepts to create responsive, scalable, and high-performance web applications. Starting with the basics, such as components, JSX, and state management, the book gradually progresses to advanced topics like context API, hooks, routing, and performance optimization. Every chapter is enriched with hands-on examples and step-by-step guides to help you solidify your understanding of React?s ecosystem. The book encourages you to dive deeper into essential best practices, including code maintainability, testing strategies, and leveraging third-party libraries for UI components. It also explores modern state management tools, techniques for optimizing performance, and adopting cutting-edge deployment strategies with platforms like Netlify and Vercel, ensuring that the applications you build are robust and reliable. Beyond just React?s core concepts, this book emphasizes practical application through a real-world project: building a fully functional e-commerce application. From implementing dynamic product listings to creating a seamless checkout flow with payment gateway integration, you?ll gain hands-on experience that prepares you for real-world challenges. By the end of this book, you?ll not only master React but also develop the skills to build, test, and deploy high-quality web applications that meet the demands of today?s fast-paced development landscape. Whether you?re a beginner or a seasoned developer, this book will elevate your expertise and help you stay ahead in the evolving world of web development. What You'll Learn: The foundational concepts of React, including JSX, components, and state management. How to use advanced React techniques, such as hooks, context API, performance optimization, and routing. How to create responsive, scalable, and maintainable web applications using modern React libraries and tools. Understand practical approaches to building a real-world e-commerce application, including dynamic product listings, cart functionality, and payment gateway integration Gain expertise in techniques for optimizing performance, testing, and deploying React applications to platforms like Netlify. Who is this book for: Software architects and developers with intermediate knowledge of HTML, CSS, and JavaScript, frontend developers, and full-stack developers. 606 $aWeb applications$xDevelopment 606 $aApplication software$xDevelopment 615 0$aWeb applications$xDevelopment. 615 0$aApplication software$xDevelopment. 676 $a006.7/8 700 $aUPADHYAYA$b NITESH$01821143 801 0$bOCoLC-P 801 1$bOCoLC-P 906 $aBOOK 912 $a9911002554603321 996 $aAdvanced Front-End Development$94384756 997 $aUNINA